Saved in:
Bibliographic Details
Format: Book
Language:English
Tags: Add Tag
No Tags, Be the first to tag this record!
Call Number :

MARC

LEADER 00000nam a2200000 a 4500
001 99311
003 MY-KLNDU
005 20241220023154.0
008 150304 000 0 eng d
039 9 |y 201503041519  |z faezah 
040 |a UPNM  |b eng  |c UPNM  |e rda 
336 |a text  |2 rdacontent 
337 |a unmediated  |2 rdamedia 
338 |a volume  |2 rdacarrier 
500 |a Includes index 
504 |a Includes bibliographical references and index 
999 |a vtls000053537  |c 99311  |d 99311